| 000 | 01054nam a2200265 a 4500 | ||
|---|---|---|---|
| 001 | BRL_1365 | ||
| 005 | 20190320211152.0 | ||
| 008 | 090114s1971----gw-ao#####---#000-0#ger-# | ||
| 041 | _ager | ||
| 044 | _agw | ||
| 050 | 4 |
_aNK856 _b.S73 1971 |
|
| 110 | 2 |
_aStädtisches Museum für Völkerkunde, Frankfurt am Main _925700 |
|
| 245 | 1 | 0 |
_aVolkskunst aus Guatemala _bausstellung des Städt. Museums für Völkerkunde und des Frobenius-Instituts, Frankfurt am Main : 3. bis 28. september 1971, Farbwerke Hoechst AG, Jahrhunderthalle, Frankfurt am Main-Höchst _cText: Karin Hahn-Hissink ; fotos: Gisela Simrock und Albert Hahn. |
| 260 |
_aFrankfurt _bMuseums für Völkerkunde _c1971 |
||
| 300 |
_a137 _bil., mapas _c22 cm. |
||
| 500 | _aAu1574 | ||
| 504 | _aBibliografía: p. 136-137 | ||
| 650 | 1 | 4 |
_aArte popular _zGuatemala _93708 |
| 650 | 1 | 4 |
_aIndumentaría _vExposiciones _zGuatemala _926658 |
| 700 | 1 |
_aHahn-Hissink, Karin _926659 |
|
| 700 | 1 |
_aSimrock, Gisela _eil. _926660 |
|
| 700 | 1 |
_aHahn, Albert _eil. _915899 |
|
| 902 | _aGRL | ||
| 942 |
_2lcc _cB |
||
| 999 |
_c10177 _d10177 |
||